Justice League Satellite Era Quiz Stats

 Plays Quiz not verified by Sporcle

Challenge
Share
Tweet
Embed
Score 0/16 Timer 08:00
0 Plays Today
Secret Identity Superhero Identity % Correct
Clark Kent/Kal-ElSuperman
100%
Bruce WayneBatman
100%
Hal JordanGreen Lantern
98.2%
Diana of ThemyscaraWonder Woman
97.7%
Barry AllenFlash
97%
J'onn J'onnzMartian Manhunter
91.4%
Oliver QueenGreen Arrow
91.1%
Arthur Curry/OrinAquaman
90.4%
Secret Identity Superhero Identity % Correct
Shiera Hall/Chayara HolHawkgirl
87.1%
Carter Hall/Katar HolHawkman
85.3%
Ray PalmerAtom
80.5%
Dinah LanceBlack Canary
80.3%
( ) ZataraZatanna
72.7%
Ralph DibnyElongated Man
66.3%
Ronnie RaymondFirestorm
64.8%
john SmithRed Tornado
51.4%

You're not logged in!

Compare scores with friends on all Sporcle quizzes.
Join for Free
OR
Log In

You Might Also Like...

Show Comments

Extras

Top Quizzes Today


Score Distribution

Your Account Isn't Verified!

In order to create a playlist on Sporcle, you need to verify the email address you used during registration. Go to your Sporcle Settings to finish the process.

Report this User

Report this user for behavior that violates our Community Guidelines.

Details: